Bhimsen Joshi: (Record no. 69454)

MARC details
000 -LEADER
fixed length control field 01630nam a22002537a 4500
005 - DATE AND TIME OF LATEST TRANSACTION
control field 20120828144726.0
010 ## - LCCN (DPL NO)
LC control number B-461823-827
020 ## - INTERNATIONAL STANDARD BOOK NUMBER
International Standard Book Number 9788129103543
Terms of availability 195.00
035 ## - SYSTEM CONTROL NUMBER
System control number B-461823-827
037 ## - SOURCE OF ACQUISITION
Stock number dpl
Source of stock number/acquisition Allied Pub/Ven
082 ## - DEWEY DECIMAL CLASSIFICATION NUMBER
Classification number 782.42169092
100 ## - MAIN ENTRY--PERSONAL NAME
Personal name Majumdar, Abhik
245 ## - TITLE STATEMENT
Title Bhimsen Joshi:
Remainder of title a passion for music/
Statement of responsibility, etc by Abhik Majumdar
260 ## - PUBLICATION, DISTRIBUTION, ETC. (IMPRINT)
Place of publication, distribution, etc New Delhi
Name of publisher, distributor, etc Rupa.Co
Date of publication, distribution, etc 2004
270 ## - ADDRESS
Address 7/16, Ansari Road, Daryaganj
City New Delhi
Postal code 110002
300 ## - PHYSICAL DESCRIPTION
Extent 78p.
Dimensions 22 cm.(Hb)
942 ## - ADDED ENTRY ELEMENTS (KOHA)
Source of classification or shelving scheme Dewey Decimal Classification
Item type English Books
Call number suffix MAJ
Classification part 780.42169092
Holdings
Withdrawn status Lost status Not for loan Collection code Home library Current library Date acquired Source of acquisition Cost, normal purchase price Full call number Barcode Copy number Cost, replacement price Koha item type
      Non-fiction Central Library Central Library 30/08/2012 Allied Pub/1844/01.02.2012/27/18.01.2012/10.02.2012 195.00 780.42169092 MAJ B-461823 1 195.00 English Books
      Non-fiction Karol Bagh Karol Bagh 30/08/2012 Allied Pub/1844/01.02.2012/27/18.01.2012/10.02.2012 195.00 780.42169092 MAJ B-461826 1 195.00 English Books
      Non-fiction Patel Nagar Patel Nagar 30/08/2012 Allied Pub/1844/01.02.2012/27/18.01.2012/10.02.2012 195.00 780.42169092 MAJ B-461824 1 195.00 English Books
      Non-fiction Sarojini Nagar Sarojini Nagar 30/08/2012 Allied Pub/1844/01.02.2012/27/18.01.2012/10.02.2012 195.00 780.42169092 MAJ B-461825 1 195.00 English Books
      Non-fiction Shahdara Branch Shahdara Branch 30/08/2012 Allied Pub/1844/01.02.2012/27/18.01.2012/10.02.2012 195.00 780.42169092 MAJ B-461827 1 195.00 English Books

© Delhi Public Library
Hit Counter
free hit counter